Un santo sufí del siglo XX (Record no. 92521)

MARC details
000 -LEADER
campo de control de longitud fija 00828nam a2200241 i 4500
001 - NÚMERO DE CONTROL
campo de control 92521
003 - IDENTIFICADOR DE NÚMERO DE CONTROL
campo de control ES-MaACL
005 - FECHA Y HORA DE LA ÚLTIMA TRANSACCIÓN
campo de control 20260213161538.0
007 - CAMPO FIJO DE DESCRIPCIÓN FÍSICA--INFORMACIÓN GENERAL
campo de control de longitud fija t|
008 - DATOS DE LONGITUD FIJA--INFORMACIÓN GENERAL
campo de control de longitud fija 050310s1982 sp |||| |bspa d
080 ## - NÚMERO DE LA CLASIFICACIÓN DECIMAL UNIVERSAL
Número de la Clasificación Decimal Universal 929:297.14 Al-'Alawi, Ahmad
100 1# - ENTRADA PRINCIPAL--NOMBRE DE PERSONA
Nombre de persona Lings, Martín.
9 (RLIN) 72440
245 13 - MENCIÓN DEL TÍTULO
Título Un santo sufí del siglo XX
Resto del título : el Sayj Ahmad Al-'Alawi : su herencia y su legado espirituales /
Mención de responsabilidad, etc. Martin Lings ; versión de Esteve Serra.
260 ## - PUBLICACIÓN, DISTRIBUCIÓN, ETC.
Lugar de publicación, distribución, etc. [Madrid] :
Nombre del editor, distribuidor, etc. Taurus,
Fecha de publicación, distribución, etc. [1982]
300 ## - DESCRIPCIÓN FÍSICA
Extensión 236 p. ;
Dimensiones 21 cm.
490 1# - MENCIÓN DE SERIE
Mención de serie Biblioteca de estudios tradicionales
600 17 - PUNTO DE ACCESO ADICIONAL DE MATERIA--NOMBRE DE PERSONA
Nombre de persona Al-'Alawi, Ahmad,
Fechas asociadas al nombre 1869-1934
Fuente del encabezamiento o término
9 (RLIN) 157449
650 #4 - PUNTO DE ACCESO ADICIONAL DE MATERIA--TÉRMINO DE MATERIA
Término de materia o nombre geográfico como elemento de entrada Sufismo.
9 (RLIN) 17256
700 1# - ENTRADA AGREGADA--NOMBRE PERSONAL
Nombre de persona Serra Arús, Esteve
9 (RLIN) 160366
830 0# - PUNTO DE ACCESO ADICIONAL DE SERIE-TÍTULO UNIFORME
Título uniforme Biblioteca de estudios tradicionales
9 (RLIN) 182128
852 ## - LOCALIZACIÓN
Ubicación ES-MaACL
Número de control de estantería L-4292
Holdings
Estatus retirado Estado de pérdida Estado de daño No para préstamo Biblioteca de origen Biblioteca actual Ubicación en estantería Fecha de adquisición Fuente de adquisición Total de préstamos Signatura topográfica completa Código de barras Visto por última vez Precio de reemplazo Tipo de ítem Koha
        Biblioteca del Ateneo de Madrid Biblioteca del Ateneo de Madrid Depósito 2 17/01/2008     L-4292 1096592 23/02/2023 23/02/2023 Libro impreso